000 00296nam a22001337a 4500
008 170616b xxu||||| |||| 00| 0 eng d
020 _a92894
041 _aeng
080 _a32
100 _a20
101 _aSHP
245 _aQUANTITIVE INTERNATIONAL POLITICS
_cSINGER, .J.D
942 _2udc
_cBK
999 _c17748
_d17748